00863nam a22002417a 450000500170000001000130001702000220003003500130005203700160006504000120008108200200009310000290011324500540014226000500019627000520024630000260029850000510032465000400037565000310041594200290044699900190047595201270049420170124105956.0 aA-791595 c00.00a8170247535 aA-791595 bCen Lib/Ret aDPLbEN a355.825119bNAS aNashif, Taysir N.914758 aNuclear weapons in israel /cby Taysir N. nashif  aNew Delhi bAPH Publishing Corporation c1996 bNew Delhi a5, ansai road, dariya ganj e110002 aviii, 124p.c21cm(Hb) aIncludes bibliographical references and index  aNuclear development zIsrael914759 aWeapon development 914760 2ddccENh355.825119mNAS c125556d125556 00104070aLbLd2015-06-22eCen Lib/Retg0.00l0o355.825119 NASpA-791595r2015-06-22 00:00:00t1v0.00w2015-06-22yEN